| 000 | 00412nam a22001697a 4500 | ||
|---|---|---|---|
| 999 |
_c1398 _d1398 |
||
| 005 | 20210831120151.0 | ||
| 008 | 160523b xxu||||| |||| 00| 0 eng d | ||
| 020 | _a81-272-05897-4 | ||
| 041 | _aeng | ||
| 082 |
_b4158 _a330 |
||
| 100 |
_aChopra, P.N. _91026 |
||
| 245 | _aPrinciples of Economics | ||
| 260 |
_aNew Delhi _bAcademic Faundation _c2003 |
||
| 300 | _a798 | ||
| 650 |
_aManagement _9241 |
||
| 942 | _cBK | ||